[Event "POL-chT U19 2nd League"]
[Site "Borowice"]
[Date "2012.07.29"]
[Round "11"]
[White "Kopica, Paulina"]
[Black "Sowa, Martyna"]
[Result "0-1"]
[WhiteElo "1696"]
[BlackElo "1765"]
[PlyCount "92"]
[EventDate "2012.07.21"]
[EventType "team-swiss"]
[EventRounds "11"]
[EventCountry "POL"]
[SourceTitle "EXT 2014"]
[Source "ChessBase"]
[SourceDate "2013.11.20"]
[SourceVersion "1"]
[SourceVersionDate "2013.11.20"]
[SourceQuality "1"]
[WhiteTeam "Opole Rodlo U19"]
[BlackTeam "Zary ZKSz U19"]
[WhiteTeamCountry "POL"]
[BlackTeamCountry "POL"]

1. e4 g6 2. d4 Bg7 3. Be3 c5 4. c3 Nf6 5. Bd3 cxd4 6. cxd4 0-0 7. Nc3 d6 8. h3 Nc6 9. Nf3 Nb4 10. Bb1 a5 11. a3 Na6 12. 0-0 Nc7 13. Bd3 Bd7 14. Qe2 d5 15. e5 Nfe8 16. Nh2 f5 17. Qd2 Be6 18. Bh6 a4 19. Rae1 Qd7 20. Be2 Bf7 21. g4 Be6 22. Bxg7 Nxg7 23. f4 Bf7 24. Kh1 Kh8 25. Qd3 Be8 26. Qg3 Nce6 27. Rd1 Qd8 28. Qe3 Ra5 29. Qd2 Qb6 30. Rf2 Bc6 31. Nf1 Nc7 32. Ng3 e6 33. Kh2 Bb5 34. Bxb5 Nxb5 35. Nxb5 Rxb5 36. Rc1 Rb3 37. Rc5 fxg4 38. hxg4 Qd8 39. g5 Qd7 40. Kg2 Qf7 41. Qc1 Nf5 42. Nxf5 Qxf5 43. Qd2 Qe4+ 44. Kg1 Rg3+ 45. Kf1 Rd3 46. Qe2 Qh1# 0-1

[Event "POL-chT U19 2nd League"]
[Site "Borowice"]
[Date "2012.07.26"]
[Round "8"]
[White "Sowa, Martyna"]
[Black "Binkowska, Agata"]
[Result "1-0"]
[WhiteElo "1765"]
[BlackElo "1584"]
[PlyCount "109"]
[EventDate "2012.07.21"]
[EventType "team-swiss"]
[EventRounds "11"]
[EventCountry "POL"]
[SourceTitle "EXT 2014"]
[Source "ChessBase"]
[SourceDate "2013.11.20"]
[SourceVersion "1"]
[SourceVersionDate "2013.11.20"]
[SourceQuality "1"]
[WhiteTeam "Zary ZKSz U19"]
[BlackTeam "Podlesie UKS 21 U19"]
[WhiteTeamCountry "POL"]
[BlackTeamCountry "POL"]

1. e4 e6 2. Nf3 d5 3. e5 c5 4. b4 cxb4 5. d4 Ne7 6. a3 Nec6 7. axb4 Bxb4+ 8. c3 Be7 9. Ba3 0-0 10. Bxe7 Nxe7 11. Bd3 Ng6 12. Qd2 Nd7 13. 0-0 Nb6 14. Na3 Bd7 15. Ng5 h6 16. Nh3 Rc8 17. Nb5 Bxb5 18. Bxb5 a6 19. Bd3 Nc4 20. Qc2 Nh4 21. f3 Ne3 22. Qd2 Nxf1 23. Rxf1 Nf5 24. Nf2 Qa5 25. Bxf5 exf5 26. Nd1 Rc7 27. g4 fxg4 28. fxg4 Qb6 29. Qf4 Qg6 30. Rf3 Rc6 31. Rg3 Qc2 32. Qf3 Rg6 33. Nf2 Qb3 34. h4 a5 35. g5 a4 36. gxh6 Qb1+ 37. Kh2 Rxh6 38. Qf4 Qc2 39. Kh3 Rg6 40. Ng4 Qb1 41. Kh2 a3 42. h5 Rb6 43. Nf6+ Rxf6 44. Qxf6 Qc2+ 45. Kh3 Qh7 46. h6 g6 47. Qg5 Ra8 48. Rg1 a2 49. Ra1 b5 50. Rxa2 Rc8 51. Ra3 Kh8 52. Kg4 Qg8 53. Ra7 Kh7 54. e6 Rxc3 55. Rxf7+ 1-0

[Event "Rewal op-B 15th"]
[Site "Rewal"]
[Date "2010.08.26"]
[Round "7"]
[White "Rabeda, Grzegorz"]
[Black "Sowa, Martyna"]
[Result "0-1"]
[WhiteElo "1494"]
[BlackElo "1693"]
[PlyCount "64"]
[EventDate "2010.08.18"]
[EventType "swiss"]
[EventRounds "9"]
[EventCountry "POL"]
[SourceTitle "EXT 2014"]
[Source "ChessBase"]
[SourceDate "2013.11.20"]
[SourceVersion "1"]
[SourceVersionDate "2013.11.20"]
[SourceQuality "1"]

1. d4 Nf6 2. Nf3 g6 3. g3 Bg7 4. Bg2 0-0 5. 0-0 d5 6. Ne5 Na6 7. c3 c5 8. e3 e6 9. Nd2 Rb8 10. Re1 Nd7 11. Ndf3 Qc7 12. Nxd7 Bxd7 13. Bd2 b5 14. Bf1 c4 15. e4 Qb7 16. e5 b4 17. Rb1 bxc3 18. Bxc3 Nb4 19. a3 Nc6 20. h4 h6 21. Qc1 Qb6 22. g4 f5 23. g5 h5 24. Be2 Rfe8 25. Rd1 Bf8 26. Rd2 Bxa3 27. Qd1 Bb4 28. Bxb4 Qxb4 29. Rc1 Na5 30. Rc3 Ba4 31. Qb1 Qxc3 32. Qa1 Qb4 0-1

[Event "Rewal op-B 15th"]
[Site "Rewal"]
[Date "2010.08.23"]
[Round "4"]
[White "Sowa, Martyna"]
[Black "Kwasniewski, Pawel"]
[Result "0-1"]
[WhiteElo "1693"]
[BlackElo "1470"]
[PlyCount "54"]
[EventDate "2010.08.18"]
[EventType "swiss"]
[EventRounds "9"]
[EventCountry "POL"]
[SourceTitle "EXT 2014"]
[Source "ChessBase"]
[SourceDate "2013.11.20"]
[SourceVersion "1"]
[SourceVersionDate "2013.11.20"]
[SourceQuality "1"]

1. e4 c6 2. d4 d5 3. Nc3 dxe4 4. Nxe4 Nd7 5. Bc4 Ngf6 6. Ng3 e6 7. Nf3 Bd6 8. Qe2 0-0 9. Bd2 c5 10. 0-0 Qc7 11. c3 a6 12. a4 b6 13. Rfe1 Bb7 14. Ne5 cxd4 15. cxd4 Nd5 16. Rac1 Qd8 17. Bxd5 Bxd5 18. Nc6 Qf6 19. Ne4 Bxe4 20. Qxe4 Rac8 21. Rc3 Kh8 22. Rec1 Rce8 23. Rf3 Qg6 24. Qh4 f6 25. Bb4 Bxb4 26. Nxb4 Rc8 27. Nc6 Rxc6 0-1

[Event "Chojnice op-B 6th"]
[Site "Chojnice"]
[Date "2010.07.16"]
[Round "9.11"]
[White "Bartoszek, Michal"]
[Black "Sowa, Martyna"]
[Result "0-1"]
[WhiteElo "1649"]
[BlackElo "1695"]
[PlyCount "42"]
[EventDate "2010.07.08"]
[EventType "swiss"]
[EventRounds "9"]
[EventCountry "POL"]
[SourceTitle "EXT 2023"]
[Source "ChessBase"]
[SourceDate "2022.10.05"]
[SourceVersion "1"]
[SourceVersionDate "2022.10.05"]
[SourceQuality "1"]

1. d4 Nf6 2. c4 g6 3. Nc3 d5 4. cxd5 Nxd5 5. e4 Nxc3 6. bxc3 Bg7 7. Be3 0-0 8. Qd2 c5 9. Nf3 Qa5 10. Bh6 Bxh6 11. Qxh6 Qxc3+ 12. Ke2 Bg4 13. Rc1 Qxd4 14. Qf4 Bxf3+ 15. gxf3 Qb2+ 16. Ke1 Qb4+ 17. Ke2 Nc6 18. Bg2 Nd4+ 19. Kd1 Rad8 20. Qg4 Nb3+ 21. Ke2 Qd2+ 0-1

[Event "Chojnice op-B 6th"]
[Site "Chojnice"]
[Date "2010.07.12"]
[Round "4.11"]
[White "Sowa, Martyna"]
[Black "Zwara, Szymon"]
[Result "1-0"]
[WhiteElo "1695"]
[BlackElo "1615"]
[PlyCount "82"]
[EventDate "2010.07.08"]
[EventType "swiss"]
[EventRounds "9"]
[EventCountry "POL"]
[SourceTitle "EXT 2023"]
[Source "ChessBase"]
[SourceDate "2022.10.05"]
[SourceVersion "1"]
[SourceVersionDate "2022.10.05"]
[SourceQuality "1"]

1. e4 e5 2. Nf3 Nc6 3. Bb5 a6 4. Ba4 b5 5. Bb3 Nf6 6. 0-0 Bc5 7. Re1 d6 8. h3 Bb7 9. c3 0-0 10. d4 Bb6 11. Bg5 h6 12. Bh4 Re8 13. Bc2 exd4 14. cxd4 Nb4 15. Nbd2 c5 16. dxc5 Bxc5 17. a3 Nxc2 18. Qxc2 Rc8 19. Qd3 b4 20. Nd4 bxa3 21. bxa3 Bxd4 22. Qxd4 Re6 23. Rab1 Qc7 24. Bxf6 Rxf6 25. Rb6 Re6 26. Reb1 Rb8 27. f3 Ree8 28. Qb4 Re7 29. Rxd6 Rd8 30. Rb6 Bc8 31. Nf1 Re5 32. Rb8 Rg5 33. Qb6 Qd7 34. g4 Rg6 35. Qf2 h5 36. Ne3 Qc7 37. Nd5 Qd6 38. R1b6 Qxa3 39. Rxg6 fxg6 40. Qc2 Qd6 41. Rxc8 Qg3+ 1-0

[Event "POL-ch U16 Girls"]
[Site "Chotowa"]
[Date "2009.04.02"]
[Round "8"]
[White "Sowa, Martyna"]
[Black "Dobrzanska, Joanna"]
[Result "1-0"]
[WhiteElo "1624"]
[BlackElo "1650"]
[PlyCount "77"]
[EventDate "2009.03.28"]
[EventType "swiss"]
[EventRounds "11"]
[EventCountry "POL"]
[SourceTitle "EXT 2011"]
[Source "ChessBase"]
[SourceDate "2010.11.26"]
[SourceVersion "1"]
[SourceVersionDate "2010.11.26"]
[SourceQuality "1"]

1. e4 c5 2. Nf3 Nc6 3. d4 cxd4 4. Nxd4 Nf6 5. Nc3 e5 6. Ndb5 d6 7. Bg5 a6 8. Na3 b5 9. Bxf6 gxf6 10. Nd5 Bg7 11. c3 0-0 12. Bd3 Be6 13. Qh5 Ne7 14. 0-0 Rb8 15. Nc2 Qd7 16. Nxe7+ Qxe7 17. f4 Bc4 18. Bxc4 bxc4 19. Nb4 Qb7 20. fxe5 dxe5 21. Rae1 Rfe8 22. Re2 Rbd8 23. Nd5 Re6 24. Ref2 Rdd6 25. Qg4 Kh8 26. Rf3 Qc8 27. Kh1 Qd8 28. Rg3 Qf8 29. Ne3 Bh6 30. Nxc4 Rc6 31. Ne3 Bxe3 32. Rxe3 Rb6 33. Qe2 Qb8 34. b3 Rbc6 35. Rd1 Qc8 36. c4 a5 37. Qh5 Kg8 38. Rg3+ Kf8 39. Qxh7 1-0

[Event "POL-ch U16 Girls"]
[Site "Chotowa"]
[Date "2009.04.01"]
[Round "6"]
[White "Sowa, Martyna"]
[Black "Panczuk, Joanna"]
[Result "1/2-1/2"]
[WhiteElo "1624"]
[BlackElo "1500"]
[PlyCount "91"]
[EventDate "2009.03.28"]
[EventType "swiss"]
[EventRounds "11"]
[EventCountry "POL"]
[SourceTitle "EXT 2011"]
[Source "ChessBase"]
[SourceDate "2010.11.26"]
[SourceVersion "1"]
[SourceVersionDate "2010.11.26"]
[SourceQuality "1"]

1. e4 e6 2. d4 d5 3. exd5 exd5 4. Nf3 Nf6 5. Bd3 Bd6 6. 0-0 0-0 7. Bg5 Bg4 8. Nbd2 Nbd7 9. c3 c6 10. Qc2 Qc7 11. h3 Be6 12. Rae1 h6 13. Bxf6 Nxf6 14. Ne5 c5 15. f4 cxd4 16. cxd4 Qxc2 17. Bxc2 Bd7 18. Nxd7 Nxd7 19. Bb3 Nb6 20. Nb1 Nc4 21. Nc3 Nd2 22. Rf2 Nxb3 23. axb3 Rae8 24. Rxe8 Rxe8 25. Nxd5 Re4 26. Rd2 Bxf4 27. Nxf4 Rxf4 28. Rd3 Kf8 29. g3 Rf6 30. Rc3 Ke8 31. Kg2 Rd6 32. Rc8+ Kd7 33. Rg8 g6 34. Ra8 a6 35. Rf8 Ke7 36. Rc8 Rxd4 37. Kf1 Kf6 38. Ke2 Rb4 39. Rc3 Kg5 40. Rc5+ f5 41. Rc3 Kf6 42. Kf2 g5 43. Rf3 h5 44. Ke2 Ke5 45. Rc3 Re4+ 46. Kf1 1/2-1/2

[Event "Chojnice op-B 4th"]
[Site "Chojnice"]
[Date "2008.07.13"]
[Round "2"]
[White "Sowa, Martyna"]
[Black "Sobolewski, Bartosz"]
[Result "1/2-1/2"]
[WhiteElo "1628"]
[BlackElo "1908"]
[PlyCount "57"]
[EventDate "2008.07.12"]
[EventType "swiss"]
[EventRounds "9"]
[EventCountry "POL"]
[SourceTitle "EXT 2018"]
[Source "ChessBase"]
[SourceDate "2017.10.13"]
[SourceVersion "1"]
[SourceVersionDate "2017.10.13"]
[SourceQuality "1"]

1. e4 e6 2. d4 d5 3. exd5 exd5 4. Nf3 Bd6 5. c4 c6 6. h3 Nf6 7. Bg5 0-0 8. c5 Re8+ 9. Be2 Be7 10. 0-0 Ne4 11. Bxe7 Qxe7 12. Re1 Bf5 13. Nbd2 Nd7 14. Bd3 Qf6 15. Qc2 Nxd2 16. Qxd2 Be4 17. Bxe4 dxe4 18. Nh2 Qe7 19. Ng4 f5 20. Ne3 Qf7 21. Qc3 Qe6 22. Nc4 Nf6 23. Nd6 Re7 24. Qc2 Ne8 25. Nc4 Rd8 26. Rad1 Red7 27. Qc3 Qf6 28. Ne5 Rd5 29. Qb3 1/2-1/2

[Event "POL 14th Olympiade U14 Girls"]
[Site "Szczawno Zdroj"]
[Date "2008.05.01"]
[Round "7"]
[White "Kowalska, Sara"]
[Black "Sowa, Martyna"]
[Result "1-0"]
[WhiteElo "1877"]
[BlackElo "1644"]
[PlyCount "78"]
[EventDate "2008.04.27"]
[EventType "swiss"]
[EventRounds "10"]
[EventCountry "POL"]
[SourceTitle "EXT 2009"]
[Source "ChessBase"]
[SourceDate "2008.11.26"]
[SourceVersion "1"]
[SourceVersionDate "2008.11.26"]
[SourceQuality "1"]

1. d4 Nf6 2. c4 g6 3. Nc3 d5 4. Bg5 Ne4 5. Bh4 Nxc3 6. bxc3 Bg7 7. e3 c5 8. Nf3 Nc6 9. Be2 0-0 10. 0-0 a6 11. Rb1 dxc4 12. Bxc4 b5 13. Be2 Bf5 14. Bd3 Be6 15. Qd2 Qa5 16. Be4 Bd7 17. Bxc6 Bxc6 18. Bxe7 Rfe8 19. Bxc5 Bd5 20. Rb2 Rac8 21. Bb4 Qd8 22. Re1 Bxf3 23. gxf3 a5 24. Bc5 Rxc5 25. dxc5 Qxd2 26. Rxd2 Bxc3 27. Red1 Bxd2 28. Rxd2 Rc8 29. Rc2 Kf8 30. Kf1 Ke7 31. Ke2 Ke6 32. e4 f5 33. Ke3 Rc6 34. Kf4 h6 35. h4 b4 36. Rc1 Kf6 37. Ke3 g5 38. hxg5+ hxg5 39. Kd4 Ke6 1-0

[Event "POL 14th Olympiade U14 Girls"]
[Site "Szczawno Zdroj"]
[Date "2008.04.30"]
[Round "6"]
[White "Sowa, Martyna"]
[Black "Jablonska, Sabina"]
[Result "1/2-1/2"]
[WhiteElo "1644"]
[BlackElo "1737"]
[PlyCount "97"]
[EventDate "2008.04.27"]
[EventType "swiss"]
[EventRounds "10"]
[EventCountry "POL"]
[SourceTitle "EXT 2009"]
[Source "ChessBase"]
[SourceDate "2008.11.26"]
[SourceVersion "1"]
[SourceVersionDate "2008.11.26"]
[SourceQuality "1"]

1. e4 c5 2. Nf3 d6 3. d4 cxd4 4. Nxd4 Nf6 5. Nc3 a6 6. Be3 e5 7. Nf3 Be7 8. Bc4 Qc7 9. Qe2 Nbd7 10. 0-0 0-0 11. Rfd1 Nb6 12. Bxb6 Qxb6 13. Rab1 Bg4 14. h3 Bh5 15. g4 Bg6 16. Bd5 Rac8 17. Nd2 Qc7 18. Rbc1 Nd7 19. Nc4 b5 20. Ne3 Bg5 21. Bb3 Nc5 22. Ncd5 Qa7 23. f3 Ne6 24. Kf1 Nf4 25. Nxf4 Bxf4 26. Rd3 Rfd8 27. Rcd1 Bxe3 28. Rxe3 Qe7 29. Qf2 Kf8 30. Red3 Rb8 31. Qd2 Rb6 32. Qb4 h5 33. Kg2 f6 34. a4 Bf7 35. Bxf7 Kxf7 36. Qa5 Qb7 37. axb5 axb5 38. Qb4 Qd7 39. c4 Qc6 40. cxb5 Rxb5 41. Qd2 hxg4 42. hxg4 Ke7 43. g5 Qb6 44. Rb1 Rh8 45. b4 Rh5 46. gxf6+ gxf6 47. f4 exf4 48. Qxf4 Rhg5+ 49. Rg3 1/2-1/2